Schaum's outline of theory and problems of theoretical mechanics : (Record no. 2598)

MARC details
000 -LEADER
fixed length control field 01049cam a2200301 i 4500
001 - CONTROL NUMBER
control field 4664119
003 - CONTROL NUMBER IDENTIFIER
control field OSt
005 - DATE AND TIME OF LATEST TRANSACTION
control field 20151118143557.0
008 - FIXED-LENGTH DATA ELEMENTS--GENERAL INFORMATION
fixed length control field 800508s1980 nyua 001 0 eng
010 ## - LIBRARY OF CONGRESS CONTROL NUMBER
LC control number 80040372
015 ## - NATIONAL BIBLIOGRAPHY NUMBER
National bibliography number GB80
020 ## - INTERNATIONAL STANDARD BOOK NUMBER
International Standard Book Number 0070843570 (pbk.) :
Terms of availability $�4.95 (est.)
040 ## - CATALOGING SOURCE
Original cataloging agency DLC
Transcribing agency DLC
Modifying agency DLC
050 00 - LIBRARY OF CONGRESS CALL NUMBER
Classification number QA807
Item number .S74 1980
082 00 - DEWEY DECIMAL CLASSIFICATION NUMBER
Classification number 531
Item number SPI 1980
100 1# - MAIN ENTRY--PERSONAL NAME
Personal name Spiegel, Murray R.
9 (RLIN) 6194
245 10 - TITLE STATEMENT
Title Schaum's outline of theory and problems of theoretical mechanics :
Remainder of title with an introduction to Lagrange's equations and Hamiltonian theory /
Statement of responsibility, etc. by Murray R. Spiegel.
250 ## - EDITION STATEMENT
Edition statement SI (metric) ed. /
Remainder of edition statement adapted for SI units by Y. Proykova.
260 ## - PUBLICATION, DISTRIBUTION, ETC. (IMPRINT)
Place of publication, distribution, etc. New York ;
-- London :
Name of publisher, distributor, etc. McGraw-Hill Book Co.,
Date of publication, distribution, etc. 1980.
300 ## - PHYSICAL DESCRIPTION
Extent 368 p. :
Other physical details ill. ;
Dimensions 28 cm.
490 0# - SERIES STATEMENT
Series statement Schaum's outline series
500 ## - GENERAL NOTE
General note Includes indexes.
650 #0 - SUBJECT ADDED ENTRY--TOPICAL TERM
Topical term or geographic name as entry element Mechanics.
9 (RLIN) 819
650 #0 - SUBJECT ADDED ENTRY--TOPICAL TERM
Topical term or geographic name as entry element Mechanics
General subdivision Problems, exercises, etc.
9 (RLIN) 6195
700 1# - ADDED ENTRY--PERSONAL NAME
Personal name Proykova, Y.
9 (RLIN) 6196
906 ## - LOCAL DATA ELEMENT F, LDF (RLIN)
a 7
b cbc
c orignew
d 1
e ocip
f 19
g y-gencatlg
942 ## - ADDED ENTRY ELEMENTS (KOHA)
Source of classification or shelving scheme Dewey Decimal Classification
Koha item type Short Loan
Holdings
Withdrawn status Lost status Source of classification or shelving scheme Damaged status Not for loan Home library Current library Date acquired Inventory number Total Checkouts Full call number Barcode Date last seen Price effective from Koha item type
    Dewey Decimal Classification     MUST Main Library MUST Main Library 18/11/2015 8262   531 SPI 1980 2015-2657 18/11/2015 18/11/2015 Short Loan